000 00586nam a22001937a 4500
005 20251108170023.0
008 250721s2000 xx 000 0 ara d
082 1 4 _a291/باش
100 1 _aالباش، حسن
245 1 0 _aالقرآن و التوراة أين يتفقان و أين يفترفان /
264 1 _aدمشق :
_bدار قتيبه،
_c2000.
300 _aج
490 0 _aمقارنة الأديان ؛1
650 1 7 _aالديانات المقارنة
650 1 7 _aالقرآن الكريم
650 1 7 _aالتوراة
942 _2ddc
_cBK
999 _c37608
_d37608